| 000 | 01455cam a2200349 a 4500 | ||
|---|---|---|---|
| 001 | 13609297 | ||
| 005 | 20170105102918.0 | ||
| 008 | 040528s2004 caua b 001 0 eng d | ||
| 010 | _a 2004300106 | ||
| 020 | _a9781578051250 | ||
| 035 | _a(OCoLC)ocm54890753 | ||
| 040 |
_aTEF _cTEF _dMIR _dDLC |
||
| 042 | _alccopycat | ||
| 043 | _an-us--- | ||
| 050 | 0 | 0 |
_aHC110.E5 _bP656 2004 |
| 082 | 0 | 4 |
_a363.7/056/0973 _220 |
| 100 | 1 | _aPope, Carl. | |
| 245 | 1 | 0 |
_aStrategic ignorance : _bwhy the Bush Administration is recklessly destroying a century of environmental progress / _cCarl Pope and Paul Rauber. |
| 260 |
_aSan Francisco : _bSierra Club Books, _cc2004. |
||
| 300 |
_a303 p. : _bill. ; _c24 cm. |
||
| 504 | _aIncludes bibliographical references (p. 255-293) and index. | ||
| 600 | 1 | 0 |
_aBush, George W. _q(George Walker), _d1946- |
| 650 | 0 |
_aEnvironmental policy _zUnited States. |
|
| 651 | 0 |
_aUnited States _xPolitics and government _y2001-2009. |
|
| 700 | 1 | _aRauber, Paul. | |
| 856 | 4 | 2 |
_3Contributor biographical information _uhttp://www.loc.gov/catdir/bios/ucal052/2004300106.html |
| 856 | 4 | 2 |
_3Publisher description _uhttp://www.loc.gov/catdir/description/ucal051/2004300106.html |
| 856 | 4 | 1 |
_3Table of contents _uhttp://www.loc.gov/catdir/toc/fy045/2004300106.html |
| 906 |
_a7 _bcbc _ccopycat _d2 _encip _f20 _gy-gencatlg |
||
| 942 |
_2ddc _cBK |
||
| 999 |
_c15458 _d15458 |
||